Normal view
MARC view
Entry Personal Name
001 - CONTROL NUMBER
- control field: 1240003
003 - CONTROL NUMBER IDENTIFIER
- control field: OSt
005 - DATE AND TIME OF LATEST TRANSACTION
- control field: 20260514122714.0
008 - FIXED-LENGTH DATA ELEMENTS
- fixed length control field: 260514|| aca||aabn | a|a d
040 ## - CATALOGING SOURCE
- Original cataloging agency: OSt
- Transcribing agency: OSt
100 ## - HEADING--PERSONAL NAME
- Personal name: Sud Dr.Anuj
670 ## - SOURCE DATA FOUND
- Source citation: Work cat.: (OSt)1851646: Sud Dr.Anuj , Detection bla ndm1 Gene in Gram Negative Bacterial Isolated of Intensive Care Unit Patients and its Correlation with the Duration of Hospital Stay.
